00349nam a2200121Ia 4500008004100000041000800041082001700049100001700066245004500083260005400128300003200182365001300214240624s9999 xx 000 0 und d aeng a338.0922 OLI aOLIVER JAMIE aHOW THEY BLEW IT THE CEOS AND ENTREPRENE c2010aNew DelhibKogan Page India Private limited aviii, : 216 : p. : cm. ; 23 cRSb33.5